| 000 -LEADER |
| fixed length control field |
02253nam a2200181 4500 |
| 020 ## - INTERNATIONAL STANDARD BOOK NUMBER |
| ISBN |
9780367224820 |
| 082 ## - DEWEY DECIMAL CLASSIFICATION NUMBER |
| Classification number |
624.0284 |
| Item number |
Is41 2020 |
| 100 ## - MAIN ENTRY--AUTHOR NAME |
| Personal name |
Islam, M. Rashad |
| 245 ## - TITLE STATEMENT |
| Title |
Civil engineering materials : introduction and laboratory testing / M. Rashadul Islam, Colorado State University–Pueblo. |
| 260 ## - PUBLICATION, DISTRIBUTION, ETC. (IMPRINT) |
| Place of publication |
Boca Raton, FL : |
| Name of publisher |
CRC Press/Taylor & Francis Group, FL |
| Year of publication |
2020. |
| 300 ## - PHYSICAL DESCRIPTION |
| Number of Pages |
1 online resource, xxi, 477 pages : |
| Other physical details |
illustrations. |
| 500 ## - GENERAL NOTE |
| General note |
Includes bibliographical references and index. |
| 520 ## - SUMMARY, ETC. |
| Summary, etc |
This textbook is intended for civil engineering, construction engineering, civil engineering technology, construction management engineering technology, and construction management programs. This textbook discusses the properties, characterization procedures and analysis techniques of primary civil engineering materials. Without gathering so much historical literature, this book focuses on the most recent required properties, characterization methods, design considerations and uses of common civil engineering materials. The required theories to understand the materials and to use it in engineering career are well discussed using a good number of mathematical worked-out examples. The author believes in simplicity in presentation and skips research ambiguities or research focus. In addition, the cutting-edge practice topics are included and obsolete topics are discarded in different chapters. The important laboratory tests are described step-by-step with high quality figures. Analysis equations and their applications have been discussed with appropriate examples and relevant practice problems. Fundamentals of Engineering (FE) styled questions are also included so that this book can be helpful for the FE examination as well and make students aware of the examination. The American Concrete Institute (ACI) Concrete Field Testing Technician - Grade I certification exam is also covered in the laboratory section. Students can be ACI certified Concrete Field-Testing Technician after completing this course which will boost up their career while in school |
| 650 ## - SUBJECT ADDED ENTRY--TOPICAL TERM |
| Topical Term |
Civil engineering -- Materials. |
| 650 ## - SUBJECT ADDED ENTRY--TOPICAL TERM |
| Topical Term |
Geotechnical engineering -- Materials. |
| 650 ## - SUBJECT ADDED ENTRY--TOPICAL TERM |
| Topical Term |
Materials --Testing. |
| 942 ## - ADDED ENTRY ELEMENTS (KOHA) |
| Koha item type |
Electronic Books |